000 00474nam a2200157 a 4500
001 000033263
005 20200930070133.0
008 110823s19uu dr 000 0 spa d
040 _aDO-SdBNP
_bspa
_cBNPHU
082 _axxxx
_bC7622
100 1 _aContín Aybar, Pedro René,
_d1907-1981
_923565
245 1 0 _aSueños del poeta junto a una esperanza /
_cPedro René Contín Aybar.
260 _a[Santo Domingo :
_bs.n.,
_c19--?].
300 _a24 p. ;
_c22 cm.
049 _aBNPD
999 _c32754
_d32754